| 000 | 00658nam a22002172 4500 | ||
|---|---|---|---|
| 001 | 0000024554 | ||
| 005 | 20151217152304.0 | ||
| 008 | 140106s xx 000 0 eng d | ||
| 020 | _a0199600823 : | ||
| 040 |
_aKABU _cKABU |
||
| 100 | 1 |
_aKesby, Alison. _@0000184834 |
|
| 245 | 1 | 4 |
_aThe Right to have rights : _bcitizenship, humanity, and international law / _cAlison Kesby. |
| 250 | _a1st ed. | ||
| 260 |
_aOxford : _bO. U. P., _c2012. |
||
| 300 | _axxii, 164 p. | ||
| 650 | 0 |
_aHuman rights. _@0000150298 |
|
| 650 | 0 |
_aCitizenship. _@0000160009 |
|
| 852 | 1 | _9p8640 KES | |
| 908 | _a140106 | ||
| 950 | _@1 | ||
| 999 |
_c10333 _d10333 |
||